Büroinformations - und kommunikationssysteme Anvendergespräch, Wirtschaftsuniversität Wien, 30.9. bis 1.10. 1982
Saved in:
| Format: | Book |
|---|---|
| Language: | German |
| Published: |
Berlin
Springer
1982
|
| Tags: |
No Tags, Be the first to tag this record!
|
MARC
| LEADER | 00000nam a2200000 4500 | ||
|---|---|---|---|
| 001 | c133517 | ||
| 005 | 20240229124624.7 | ||
| 041 | 0 | |a ger | |
| 044 | |a DE | ||
| 245 | 1 | 0 | |a Büroinformations - und kommunikationssysteme |b Anvendergespräch, Wirtschaftsuniversität Wien, 30.9. bis 1.10. 1982 |c Herausgegeben H.R. Hansen |
| 264 | 1 | |a Berlin |b Springer |c 1982 | |
| 300 | |a 577 s. | ||